00616nam a2200205Ia 450000500170000000800410001704000190005804100120007708200160008910000180010524500590012326000420018230000140022450400190023865000170025785000100027494200070028499900170029195201020030820230328100650.0131103s9999 xx 000 0 und d aLoreto College aEnglish a822.91bSHA aShaw, Bernard aPlays & playersb essays on the theatre cBernard Shaw aLondonbOxford University Pressc1950 axv,349p.  aIncludes index aEnglish play aLCLIB cBK c22073d72552 00102ddc4070aMAINbMAINd2013-11-04l0o822.91 SHA 1154pB24365r2013-11-04w2013-11-04yBKf